[Event "6th Shamkir Chess 2019"]
[Site "Shamkir"]
[Date "2019.04.03"]
[Round "4.4"]
[White "Karjakin, Sergey"]
[Black "Grischuk, Alexander"]
[Result "1/2-1/2"]
[WhiteElo "2753"]
[BlackElo "2771"]
[Annotator "TA"]
[PlyCount "64"]
[EventDate "2019.03.31"]
[EventType "tourn"]
[EventCountry "AZE"]
[SourceTitle "playchess.com"]
[Source "ChessBase"]
[SourceQuality "1"]

{[%evp 22,64,16,16,10,4,12,17,15,10,13,7,11,12,17,8,7,12,28,29,22,5,16,16,16,16,13,9,11,0,0,0,0,0,0,0,0,0,0,0,0,0,0,0,0]} 1. Nf3 d5 2. g3 g6 3. Bg2 Bg7 4. d4 Nf6 5. c4 c6 6. cxd5 cxd5 7. Ne5 Ne4 8. Nc3 Nxc3 9. bxc3 O-O 10. O-O Nc6 11. Nxc6 bxc6 12. Qa4 Qb6 {D79: Fianchetto Grünfeld: Symmetrical Variation (6 0-0 c6 7 cxd5 cxd5)} 13. e4 (13. Ba3 Qa6 14. Qxa6 Bxa6 15. Rfb1 Bxe2 16. Bxe7 Rfb8 17. Bd6 Rd8 18. Bc7 Rdc8 19. Bd6 Rd8 20. Bc7 Rdc8 21. Bd6 {½-½ (21) Dubov,D (2691)-Nepomniachtchi,I (2768) Satka 2018}) 13... Qa6 14. Qb4 dxe4 15. Bxe4 e5 16. dxe5 Bxe5 17. Be3 $146 ({Predecessor:} 17. Qc5 Bh3 18. Bh6 Bf6 19. Rfd1 Rfd8 20. Qxc6 Qxc6 21. Bxc6 Rac8 22. Bg2 Be6 {½-½ (22) Berecz,G (2302)-De Blois Figueredo,A (2399) ICCF email 2012}) 17... Be6 18. Qc5 Bg7 19. Rfd1 Rad8 20. Rxd8 ({Don't play} 20. Bxc6 Rxd1+ 21. Rxd1 Rc8 $15) 20... Rxd8 21. h4 {The position is equal.} Qc4 22. Qxc4 Bxc4 23. Bxa7 Bxc3 24. Rc1 Bd4 $1 25. Bxd4 (25. Rxc4 {is more complex.} Bxa7 26. Kg2 Rd2 27. Rc2 Rxc2 28. Bxc2 f5 29. f3) 25... Rxd4 26. Bxc6 Bxa2 $11 {[%mdl 4096] Endgame KRB-KRB} 27. Kg2 Bd5+ 28. Bxd5 Rxd5 29. Rh1 h5 30. Rg1 Kg7 31. Rh1 Kg8 32. Rg1 Kg7 {Accuracy: White = 62%, Black = 71%.} 1/2-1/2

[Event "6th Shamkir Chess 2019"]
[Site "Shamkir"]
[Date "2019.04.03"]
[Round "4.5"]
[White "Giri, Anish"]
[Black "Radjabov, Teimour"]
[Result "1/2-1/2"]
[WhiteElo "2797"]
[BlackElo "2756"]
[Annotator "TA"]
[PlyCount "80"]
[EventDate "2019.03.31"]
[EventType "tourn"]
[EventCountry "AZE"]
[SourceTitle "playchess.com"]
[Source "ChessBase"]
[SourceQuality "1"]

{[%evp 13,80,7,8,12,13,13,12,14,7,9,8,2,12,8,14,8,14,9,12,14,25,6,14,13,13,19,21,16,29,12,16,16,16,16,16,16,16,16,16,16,16,16,16,16,16,14,14,14,14,14,14,14,6,0,0,0,0,0,0,0,0,0,0,0,0,0,0,0,0]} 1. d4 Nf6 2. c4 e6 3. Nf3 d5 4. Nc3 Be7 5. Bf4 O-O 6. e3 Nbd7 7. c5 Nh5 8. Bd3 {D37: Queen's Gambit Declined: 5 Bf4} Nxf4 9. exf4 b6 (9... c6 10. Qc2 h6 11. O-O Qc7 12. Ne5 Nxe5 13. fxe5 Bd7 14. a3 b6 15. b4 bxc5 16. bxc5 {0-1 (40) Giri,A (2775)-Radjabov,T (2724) Geneva 2017}) 10. b4 $1 a5 11. a3 c6 12. O-O Qc7 13. g3 Ba6 14. Kg2 Bxd3 15. Qxd3 Ra7 {[#]} 16. Rfc1 $146 Rfa8 {[#] And now ...axb4 would win.} (16... Rb8 {is more complex.} 17. Rab1 axb4 18. axb4 g6 19. Qd1 Bf8) 17. Qd1 b5 18. Rab1 axb4 19. axb4 Ra3 20. Rb3 R3a7 21. Qe2 Bf6 {The position is equal.} 22. h4 h5 23. Rc2 g6 24. Ra2 Rxa2 25. Nxa2 Qa7 26. Rb2 Qa3 27. Qd2 Qa6 28. Nc1 {[%cal Ba2c1,Bc1d3,Bd3e5][%mdl 32]} Qb7 29. Nd3 Ra7 30. Nde5 Qa8 31. Qe3 Kg7 32. Rb3 Kg8 33. Ng5 (33. Ne1 {seems wilder.} Nxe5 34. dxe5 Be7 35. Nc2 Ra4 36. Qd3) 33... Nxe5 34. fxe5 Bxg5 35. Qxg5 Ra3 36. Rxa3 Qxa3 $11 {KQ-KQ} 37. Qd8+ Kg7 38. Qf6+ Kg8 39. Qd8+ Kg7 40. Qf6+ Kg8 {Accuracy: White = 71%, Black = 71%.} 1/2-1/2

[Event "6th Shamkir Chess 2019"]
[Site "Shamkir"]
[Date "2019.04.04"]
[Round "5.1"]
[White "Grischuk, Alexander"]
[Black "Topalov, Veselin"]
[Result "1-0"]
[WhiteElo "2771"]
[BlackElo "2740"]
[Annotator "TA"]
[PlyCount "137"]
[EventDate "2019.03.31"]
[EventType "tourn"]
[EventCountry "AZE"]
[SourceTitle "playchess.com"]
[Source "ChessBase"]
[SourceQuality "1"]

{[%evp 18,137,28,20,37,8,10,11,14,11,10,14,12,10,20,19,19,18,34,31,52,34,37,32,34,27,25,24,77,80,83,64,57,63,72,72,64,71,64,76,69,65,79,67,76,37,37,37,36,0,40,33,36,41,35,39,64,41,72,67,44,53,150,137,148,142,141,131,180,173,206,191,202,197,261,261,243,269,241,198,193,189,212,201,216,202,292,217,220,151,148,150,144,155,146,87,106,97,100,100,79,81,237,237,229,234,253,249,393,401,382,381,383,376,508,267,252,233,371,360,29976,29972]} 1. d4 Nf6 2. c4 e6 3. Nf3 d5 4. Nc3 Be7 5. Bf4 O-O 6. e3 Nbd7 7. Be2 dxc4 8. O-O c5 9. dxc5 Nxc5 10. Bxc4 b6 {D37: Queen's Gambit Declined: 5 Bf4} (10... Qxd1 11. Rfxd1 b6 12. Bd6 Bxd6 13. Rxd6 Bb7 14. Ne5 Rfd8 15. Rad1 Rxd6 16. Rxd6 Kf8 17. b4 Na6 18. g4 {1-0 (55) Gajewski,G (2595)-Fridman,D (2633) Germany 2018}) 11. Qc2 Bb7 12. Rfd1 $146 ({Predecessor:} 12. Rad1 Qc8 13. Ne5 Nh5 14. Bg3 Nxg3 15. fxg3 Bf6 16. Nd3 Ne4 17. Qb3 Nxc3 18. bxc3 {0-1 (57) Gasparac,K (1576)-Cotic,B (1605) Kastel Stafilic 2014}) 12... Qc8 {The position is equal.} 13. Nb5 a6 14. Nd6 Bxd6 $1 15. Bxd6 Rd8 16. Rac1 Nce4 17. Bb4 Rxd1+ 18. Qxd1 Qe8 19. Be2 Rd8 20. Qb3 Bd5 21. Qa3 a5 22. Be1 h6 (22... e5 $11 {keeps the balance.}) 23. Ne5 $16 Rc8 24. b3 Rxc1 25. Qxc1 {Strongly threatening Qc7.} Qb8 26. Qb2 Nc5 27. f3 Nfd7 28. Bg3 Qc8 29. Nc4 Bxc4 30. Bxc4 Qc6 31. Qe2 f6 32. Bb5 Qd5 33. Bc4 Qc6 $1 34. Qb2 Kf7 35. h3 Nb7 36. Qd4 $36 {[%mdl 2048] White has some pressure.} Ke7 37. Qg4 Kf7 38. Kh2 Ndc5 39. a3 {[%cal Ba2a3,Ba3b4][%mdl 32] Threatens to win with b4.} g6 (39... b5 $14) 40. b4 axb4 41. axb4 h5 42. Qf4 Nd7 43. Ba6 {Black must now prevent Qc7.} Nd8 44. Qh6 Nf8 {Hoping for ...b5.} 45. Bd3 f5 (45... h4 {was worth a try.} 46. Qxh4 Qd7) 46. e4 $18 Qd7 47. Qe3 Qc6 48. Qd4 Qd7 49. Qc3 g5 50. exf5 exf5 51. Bc4+ Nde6 (51... Kg6 {was called for.} 52. h4 Nde6 53. hxg5 Nxg5) 52. Qh8 Kg6 53. Be5 Qe7 54. Qg8+ Ng7 55. Qd5 Qd7 56. Bd6 (56. Qd4 $142 Qxd4 57. Bxd4) 56... Nfe6 $16 57. Qe5 h4 58. Bb5 Qc8 59. Qd5 {aiming for Be5.} Qc3 $2 (59... Nf4 $16 60. Bxf4 gxf4) 60. Be8+ $1 $18 Kh7 61. Bd7 $1 {[%cal Rd7e6]} Qe1 62. Be5 f4 {[#]} (62... Nf4 $142 63. Bxf5+ {[%mdl 64] Decoy} Nxf5 64. Qf7+ Kh6 65. Bxf4 gxf4) 63. Qd3+ $1 ({Stronger than} 63. Bxe6 Qg3+ 64. Kh1 Qe1+ 65. Kh2 Qg3+ 66. Kh1 Qe1+ 67. Kh2 $11) (63. Qe4+ Qxe4 64. fxe4 Kg8 $16) 63... Kh6 {[#]} 64. Bc3 $1 {[%cal Rc3e1]} Qe3 65. Qc4 Kg6 66. Bc6 Kf7 67. Bd5 Ne8 (67... Nf5 {might work better.} 68. Qc7+ Ne7) 68. Bd4 b5 $2 (68... Qe1 $18 69. Bc3 Qe3) 69. Qc6 {Accuracy: White = 79%, Black = 53%.} 1-0

[Event "6th Shamkir Chess 2019"]
[Site "Shamkir"]
[Date "2019.04.04"]
[Round "5.2"]
[White "Radjabov, Teimour"]
[Black "Karjakin, Sergey"]
[Result "1/2-1/2"]
[WhiteElo "2756"]
[BlackElo "2753"]
[Annotator "TA"]
[PlyCount "81"]
[EventDate "2019.03.31"]
[EventType "tourn"]
[EventCountry "AZE"]
[SourceTitle "playchess.com"]
[Source "ChessBase"]
[SourceQuality "1"]

{[%evp 19,81,14,21,35,30,11,41,20,18,15,26,36,28,16,27,13,16,9,33,0,0,0,11,0,0,0,0,0,0,0,0,-25,50,36,40,43,56,64,43,46,54,8,8,8,8,8,8,8,8,8,374,26,16,21,20,0,14,0,3,3,8,0,0,0]} 1. Nf3 Nf6 2. c4 e6 3. g3 d5 4. Bg2 Be7 5. d4 O-O 6. O-O dxc4 7. Qc2 c6 8. Qxc4 b5 9. Qc2 Bb7 10. Bg5 Nbd7 {LiveBook: 14 Games} 11. Ne5 $146 {D30: Queen's Gambit Declined: Systems without Nc3} ({Predecessor:} 11. Bxf6 Bxf6 12. Nbd2 c5 13. dxc5 Rc8 14. Nb3 Bd5 15. Rfd1 a5 16. e4 Bxb3 17. Qxb3 Rxc5 18. a4 b4 {0-1 (44) Maghsoodloo,P (2688)-Ganguly,S (2621) Makati 2018}) 11... Nxe5 12. dxe5 Nd7 13. Bxe7 {White is slightly better.} Qxe7 14. f4 f6 15. exf6 Nxf6 16. Nd2 e5 17. e3 ({And not} 17. Bxc6 Bxc6 18. Qxc6 exf4 $17) 17... exf4 18. exf4 Rae8 19. Rac1 Qe3+ 20. Kh1 Qb6 21. b4 Nd5 {White must now prevent ...Ne3.} 22. Nf3 Nxb4 23. Qb3+ Nd5 24. Ne5 Rd8 $1 25. a4 bxa4 (25... a5 $11) 26. Qxa4 $14 c5 {With the idea ...Ne3.} 27. Rb1 Qa6 28. Qxa6 Bxa6 29. Rfc1 $36 {[%mdl 2048] [#] aiming for Nc6. White is pushing.} Ne3 30. Ra1 Nxg2 31. Rxa6 Rd2 32. Nc4 Re2 33. Kg1 Ne3 34. Re6 ({But not} 34. Rxa7 Nxc4 35. Rxc4 Rb8 $15) 34... Rg2+ 35. Kh1 Rc2 36. Rxc2 {The position is equal.} Nxc2 37. Ra6 Ra8 38. Kg2 Nd4 39. Ra5 Re8 40. Rxa7 Re2+ 41. Kh3 {Precision: White = 66%, Black = 61%.} 1/2-1/2

[Event "6th Shamkir Chess 2019"]
[Site "Shamkir"]
[Date "2019.04.04"]
[Round "5.3"]
[White "Carlsen, Magnus"]
[Black "Mamedyarov, Shakhriyar"]
[Result "1/2-1/2"]
[WhiteElo "2845"]
[BlackElo "2790"]
[Annotator "TA"]
[PlyCount "74"]
[EventDate "2019.03.31"]
[EventType "tourn"]
[EventCountry "AZE"]
[SourceTitle "playchess.com"]
[Source "ChessBase"]
[SourceQuality "1"]

{[%evp 11,74,13,27,12,18,17,22,14,11,19,16,16,20,12,16,8,20,23,46,43,43,42,44,23,25,22,22,9,16,25,49,0,2,0,0,0,0,0,0,0,0,0,0,0,0,0,0,0,0,0,0,0,0,0,0,0,0,0,0,0,0,0,0,0,0]} 1. c4 e6 2. Nc3 d5 3. d4 c5 4. e3 Nf6 5. Nf3 a6 6. cxd5 exd5 7. g3 {D40: Queen's Gambit Declined: Semi-Tarrasch with 5 e3} Nc6 8. Bg2 c4 9. Ne5 Bb4 10. Bd2 O-O 11. O-O Re8 12. Nxc6 bxc6 13. b3 a5 14. Qc2 {[#]} cxb3 $146 ({Predecessor:} 14... Ba6) 15. axb3 g6 16. Rfc1 Bf5 17. Qd1 Qd6 18. Ra2 h5 19. Na4 h4 20. Nc5 Kg7 21. Bxb4 axb4 {The position is equal.} 22. Rxa8 Rxa8 23. Ra1 Rh8 24. Qe1 hxg3 25. hxg3 Ne4 26. Nxe4 Bxe4 27. Bxe4 dxe4 $11 {[%mdl 4096] Endgame KQR-KQR} 28. Ra5 Rh5 29. Rxh5 gxh5 {KQ-KQ} 30. Kg2 c5 31. dxc5 Qxc5 32. Qd1 Qc3 33. Qd5 Kf6 34. Qd6+ Kg7 35. Qd5 Kf6 36. Qd6+ Kg7 37. Qd5 Kf6 {Accuracy: White = 91%, Black = 77%.} 1/2-1/2

[Event "6th Shamkir Chess 2019"]
[Site "Shamkir"]
[Date "2019.04.04"]
[Round "5.4"]
[White "Anand, Viswanathan"]
[Black "Giri, Anish"]
[Result "1-0"]
[WhiteElo "2779"]
[BlackElo "2797"]
[Annotator "TA"]
[PlyCount "77"]
[EventDate "2019.03.31"]
[EventType "tourn"]
[EventCountry "AZE"]
[SourceTitle "playchess.com"]
[Source "ChessBase"]
[SourceQuality "1"]

{[%evp 19,77,11,15,-7,0,0,-12,-15,-22,-11,-14,-12,-20,-2,-15,-34,-33,-47,-20,-21,0,-22,0,0,0,0,19,26,44,42,47,47,45,58,75,70,73,80,79,74,73,74,114,112,107,103,214,218,238,241,258,245,470,460,700,588,589,548,29981,29982]} 1. e4 e5 2. Nf3 Nc6 3. Bb5 Nf6 4. d3 Bc5 5. c3 O-O 6. Nbd2 {C65: Ruy Lopez: Berlin Defence (3...Nf6), unusual lines and 4 0-0 Bc5} (6. O-O d6 7. h3 Ne7 8. d4 Bb6 9. Re1 c6 10. Bd3 Ng6 11. Be3 Nh5 12. Nbd2 Nhf4 13. Bf1 exd4 14. Nxd4 d5 15. N4f3 {½-½ (74) Grandelius,N (2682)-Le,Q (2714) Caleta 2019}) 6... Re8 7. O-O a6 8. Bxc6 dxc6 9. Nc4 Nd7 10. Re1 Bf8 {LiveBook: 3 Games} 11. d4 exd4 12. cxd4 Nb6 $146 ({Predecessor:} 12... c5 13. d5 b5 {0-1 (37) Andriasian,Z (2585)-Pashikian,A (2578) Yerevan 2018}) 13. Nxb6 cxb6 14. h3 b5 15. Bf4 Be6 16. Re3 f6 17. b3 Qd7 18. Qc2 Rad8 19. Rd1 Qf7 20. Bg3 Qh5 21. Bc7 Rd7 22. Bb6 Bb4 23. Ne1 Bf7 24. Nd3 Bd6 25. Rde1 Bb8 26. f4 f5 27. Ne5 Bxe5 $1 28. dxe5 fxe4 29. Qxe4 {And now f5 would win.} Rd2 {Strongly threatening ...Bd5.} 30. R3e2 Bd5 31. Qe3 Rxe2 32. Rxe2 Qf5 (32... Qf7 $16) 33. g4 $1 $18 {[%cal Rg4f5]} Qb1+ {[#]} 34. Kf2 $1 h5 {[#]} 35. f5 $1 Qh1 $2 (35... h4 36. Bd4 c5 37. Bxc5 b6 38. Bxb6 Rc8) 36. Kg3 Re7 (36... h4+ $142 37. Kxh4 Qf3) 37. Bc5 Re8 38. e6 Kh7 39. Qg5 {Precision: White = 76%, Black = 40%.} 1-0

[Event "6th Shamkir Chess 2019"]
[Site "Shamkir"]
[Date "2019.04.04"]
[Round "5.5"]
[White "Navara, David"]
[Black "Ding, Liren"]
[Result "1-0"]
[WhiteElo "2739"]
[BlackElo "2812"]
[Annotator "TA"]
[PlyCount "89"]
[EventDate "2019.03.31"]
[EventType "tourn"]
[EventCountry "AZE"]
[SourceTitle "playchess.com"]
[Source "ChessBase"]
[SourceQuality "1"]

{[%evp 27,89,6,34,-6,0,0,0,0,0,0,0,0,0,0,20,20,20,20,20,20,20,20,20,20,20,20,18,20,16,18,57,56,69,69,69,69,70,16,78,78,78,78,87,87,87,78,127,121,175,172,405,403,382,127,377,375,480,480,480,480,479,479,479,458]} 1. d4 Nf6 2. Nf3 d5 3. c4 e6 4. Nc3 c6 5. e3 Nbd7 6. Bd3 dxc4 7. Bxc4 b5 8. Bd3 a6 9. e4 c5 10. e5 cxd4 11. Nxb5 axb5 12. exf6 gxf6 13. O-O Qb6 14. Qe2 b4 15. Bf4 {D49: Semi-Slav: Meran System: Main line with 9 e4 c5 10 e5 cxd4 11 Nxb5} (15. Rd1 Bc5 16. Bxh7 Rxh7 17. Qe4 Bb7 18. Qxh7 Bxf3 19. gxf3 Ke7 20. Bf4 e5 21. Bg3 Qe6 22. Re1 Bd6 {1-0 (35) Mamedyarov,S (2747)-Ponomariov,R (2712) Huaian 2016}) 15... h5 16. Rfc1 Bc5 $1 17. a4 {And now a5! would win.The position is equal.} bxa3 18. bxa3 Ba6 $1 19. Rab1 Bxd3 20. Qxd3 Rxa3 $146 ({Predecessor:} 20... Qc6 21. Rb5 O-O 22. Nd2 Rfc8 {½-½ (30) Rodriguez Rey,J (2321)-Pluemmer,R (2244) ICCF email 2010}) 21. Qxa3 Bxa3 22. Rxb6 Bxc1 23. Rc6 Bxf4 24. Rc8+ Ke7 25. Rxh8 $11 {[%mdl 4096] Endgame KRN-KBN} d3 26. Kf1 Nc5 $1 27. Rxh5 Ne4 $1 28. Rh4 e5 29. g3 d2 30. Nxd2 $1 Nxd2+ 31. Ke2 Bg5 32. Rb4 ({White should try} 32. Rh8 $1 $14) 32... e4 (32... Kd6 $1 $11) 33. Rd4 $16 Nb3 34. Rxe4+ Kd6 35. h4 {[%mdl 1024] White has strong compensation.} Bh6 36. h5 Kd7 37. Rb4 Nc1+ (37... Nc5 $16 {keeps fighting.}) 38. Kf3 $18 Ke6 $2 {[#]} (38... Ke7 39. Ke4 Kf8) 39. Rb6+ Kf5 40. Rb5+ Ke6 41. Ke4 Ne2 42. Rb6+ {White is clearly winning.} Ke7 43. Kd3 Nc1+ 44. Kc4 Ne2 {[#]} 45. Rb1 $1 {Accuracy: White = 86%, Black = 57%.} 1-0

[Event "6th Shamkir Chess 2019"]
[Site "Shamkir"]
[Date "2019.04.06"]
[Round "6.1"]
[White "Giri, Anish"]
[Black "Navara, David"]
[Result "1/2-1/2"]
[WhiteElo "2797"]
[BlackElo "2739"]
[Annotator "TA"]
[PlyCount "51"]
[EventDate "2019.03.31"]
[EventType "tourn"]
[EventCountry "AZE"]
[SourceTitle "playchess.com"]
[Source "ChessBase"]
[SourceQuality "1"]

{[%evp 12,51,11,11,16,34,33,12,38,16,53,40,33,0,10,-10,-6,-37,-40,-36,-36,-34,-36,-46,-36,-42,0,0,0,0,0,0,0,0,0,0,0,0,0,0,0,0]} 1. d4 Nf6 2. c4 e6 3. Nf3 d5 4. Nc3 Bb4 5. cxd5 exd5 6. Bg5 h6 7. Bh4 O-O {D38: Queen's Gambit Declined: Ragozin Defence (4 Nf3 Bb4)} 8. e3 Bf5 9. Be2 (9. Bd3 Bxd3 10. Qxd3 c6 11. O-O Nbd7 12. Ne5 Be7 13. f4 Nb6 14. Bxf6 Bxf6 15. Rf3 Qe7 16. Raf1 Nd7 17. e4 dxe4 18. Nxe4 Rad8 19. Ng4 h5 20. Nexf6+ Nxf6 {½-½ (37) Edouard,R (2643)-So,W (2765) chess.com INT 2019}) 9... Nbd7 10. Qb3 Ba5 11. O-O $146 ({Predecessor:} 11. Bg3 c5 12. O-O Bxc3 13. bxc3 Ne4 14. Qxd5 Nxc3 15. Qxf5 Nxe2+ {0-1 (34) Bortnik,E (2243)-Voveris,G (2185) ICCF email 2008}) 11... c6 12. Ne5 Qb6 13. Nxd7 Nxd7 14. Rfc1 Qxb3 15. axb3 Bb4 16. Na2 Bd6 $1 17. Bg3 Be7 18. Bc7 a5 19. Nc3 {The position is equal.} Rfe8 20. Na4 Bb4 21. Nb6 Nxb6 22. Bxb6 Bd2 23. Rd1 Bb4 24. Rdc1 Bd2 25. Rd1 Bb4 26. Rdc1 {Accuracy: White = 55%, Black = 79%.} 1/2-1/2

[Event "6th Shamkir Chess 2019"]
[Site "Shamkir"]
[Date "2019.04.06"]
[Round "6.2"]
[White "Grischuk, Alexander"]
[Black "Radjabov, Teimour"]
[Result "1/2-1/2"]
[WhiteElo "2771"]
[BlackElo "2756"]
[Annotator "TA"]
[PlyCount "79"]
[EventDate "2019.03.31"]
[EventType "tourn"]
[EventCountry "AZE"]
[SourceTitle "playchess.com"]
[Source "ChessBase"]
[SourceQuality "1"]

{[%evp 12,79,33,13,13,25,22,0,6,5,2,0,-10,-4,-7,0,18,19,25,0,33,38,29,29,32,32,38,14,31,22,32,0,0,0,0,0,0,0,0,0,0,0,0,0,0,0,0,-4,12,12,12,12,12,12,13,13,13,0,0,0,0,0,0,0,0,0,0,0,0,0]} 1. d4 d5 2. c4 dxc4 3. e4 e5 4. Nf3 exd4 5. Bxc4 Nc6 6. O-O Be6 {D20: Queen's Gambit Accepted: 3 e3 and 3 e4} 7. Nbd2 {[%mdl 1024] LiveBook: 18 Games. White has compensation.} Qf6 8. a3 $146 ({Predecessor:} 8. Bd3 Nge7 9. Qa4 Bd7 10. Qb3 O-O-O 11. Nc4 h6 12. e5 Qe6 13. Be4 Nf5 14. Bd5 {1-0 (59) Wojtaszek,R (2711)-Stevic,H (2611) Aix les Bains 2011}) 8... Nge7 {White has an edge.} 9. b4 Ng6 10. Bb5 Be7 11. Nc4 Bxc4 12. Bxc4 O-O 13. Bd5 Rad8 14. Bd2 Rd7 15. Qa4 Nf4 16. Bxf4 $1 Qxf4 17. Bxc6 bxc6 18. Qxc6 Rfd8 19. Rfd1 d3 20. Rac1 h5 21. Rc4 g5 {The position is equal.} 22. h3 g4 23. e5 Qf5 24. hxg4 hxg4 25. Nd2 {[%cal Bf3d2,Bd2f1,Bf1e3][%mdl 32]} Rd5 26. Nf1 {[#] Threatens to win with Ne3.} Rxe5 {Hoping for ...Re2.} 27. Ne3 Qh5 28. Rxg4+ ({Not} 28. Qxc7 $2 {[#]} g3 $1 $19 {[%mdl 512]}) 28... Kf8 {...Rxe3! is the strong threat.} 29. Qf3 ({Don't go for} 29. Qc3 $2 Rd6 $19) 29... Bg5 30. Rd4 Qxf3 31. Rxd8+ Bxd8 32. gxf3 $11 {[%mdl 4096] Endgame KRB-KRN} a5 33. Rxd3 Be7 34. bxa5 Rxa5 35. Nc4 Ra4 36. Rc3 Bf6 37. Rc2 Be7 38. Rc3 Bf6 39. Rc2 Be7 40. Rc3 {Precision: White = 66%, Black = 64%.} 1/2-1/2

[Event "6th Shamkir Chess 2019"]
[Site "Shamkir"]
[Date "2019.04.06"]
[Round "6.3"]
[White "Ding, Liren"]
[Black "Carlsen, Magnus"]
[Result "1/2-1/2"]
[WhiteElo "2812"]
[BlackElo "2845"]
[Annotator "TA"]
[PlyCount "78"]
[EventDate "2019.03.31"]
[EventType "tourn"]
[EventCountry "AZE"]
[SourceTitle "playchess.com"]
[Source "ChessBase"]
[SourceQuality "1"]

{[%evp 18,78,13,13,20,20,14,21,8,17,17,4,4,7,4,0,4,4,4,12,16,10,27,22,34,28,56,56,52,38,51,51,53,53,124,120,115,59,58,24,31,1,2,4,8,2,2,0,10,0,0,0,0,0,0,0,0,0,0,0,0,0,0]} 1. d4 Nf6 2. c4 g6 3. g3 c6 4. Bg2 d5 5. cxd5 cxd5 6. Nf3 Bg7 7. Ne5 O-O 8. Nc3 Bf5 9. O-O Ne4 10. Bf4 Nxc3 {D79: Fianchetto Grünfeld: Symmetrical Variation (6 0-0 c6 7 cxd5 cxd5)} 11. bxc3 Nc6 12. Nxc6 bxc6 13. Qa4 e6 (13... Qd7 14. Rac1 Rac8 15. Rfd1 Rfd8 16. c4 Be4 17. f3 Bf5 18. cxd5 cxd5 19. Qxd7 Bxd7 20. Bc7 Re8 21. e3 Bb5 22. Bf1 a6 {½-½ (22) Leko,P (2679)-Mamedyarov,S (2817) Germany 2019}) 14. Qxc6 Rc8 15. Qa4 Rxc3 16. Rfc1 Rxc1+ $146 ({Predecessor:} 16... Rc4 17. Rxc4 dxc4 18. Rc1 Bxd4 19. Qxc4 g5 20. Bc7 Qd7 21. Qc6 Qxc6 {½-½ (21) Garau,B (2201)-Fister,B (2293) ICCF email 2013}) 17. Rxc1 Qb6 18. e3 Qb2 19. Qd1 h5 20. a4 Bg4 21. Qe1 $36 {[%mdl 2048] White is more active.} Be2 22. Bf1 Bxf1 23. Kxf1 Re8 24. Qc3 Qxc3 25. Rxc3 $14 {[%mdl 4096] Endgame KRB-KRB} e5 (25... Ra8 $14) 26. dxe5 Bxe5 27. Rd3 ({White should play} 27. Bxe5 $16 Rxe5 28. Rc5) 27... Bxf4 28. gxf4 {KR-KR} (28. exf4 {is more complex.} Rd8 29. Rb3 Rd6 30. Rb5 Kg7 31. Ke2) 28... Rd8 $1 29. a5 Kf8 {The position is equal.} 30. Ke2 Ke7 31. Rb3 Kd6 32. Kd3 Rd7 33. h4 Rc7 34. Rb8 Rc5 35. Rb7 Rxa5 36. Rxf7 Ra3+ 37. Kd4 {[#] Hoping for Rf6+.} Ra4+ 38. Kd3 Ra3+ 39. Kd4 {Strongly threatening Rf6+.} Ra4+ {Accuracy: White = 59%, Black = 55%.} 1/2-1/2

[Event "6th Shamkir Chess 2019"]
[Site "Shamkir"]
[Date "2019.04.06"]
[Round "6.4"]
[White "Karjakin, Sergey"]
[Black "Anand, Viswanathan"]
[Result "1-0"]
[WhiteElo "2753"]
[BlackElo "2779"]
[Annotator "TA"]
[PlyCount "103"]
[EventDate "2019.03.31"]
[EventType "tourn"]
[EventCountry "AZE"]
[SourceTitle "playchess.com"]
[Source "ChessBase"]
[SourceQuality "1"]

{[%evp 18,103,40,37,41,39,48,53,56,39,42,55,49,44,52,54,74,60,55,58,47,45,46,42,47,50,58,50,33,47,41,54,43,35,44,50,69,57,46,37,43,43,43,43,63,44,49,47,49,48,47,36,36,36,36,36,36,36,36,37,48,37,45,45,47,47,60,50,68,51,88,89,91,92,86,91,83,88,157,173,161,164,161,152,168,154,145,147]} 1. d4 Nf6 2. c4 e6 3. Nf3 d5 4. Nc3 Be7 5. Bf4 O-O 6. e3 c5 7. dxc5 Bxc5 8. Qc2 Nc6 9. Rd1 Qa5 10. a3 Rd8 {D37: Queen's Gambit Declined: 5 Bf4} 11. Nd2 d4 12. Nb3 Qb6 {White is slightly better.} 13. Na4 $1 {[%csl LRb6,LRc5][%mdl 64] [#] Double Attack} Bb4+ $1 14. axb4 Qxb4+ 15. Nd2 e5 16. Bg5 {b3 is the strong threat.} Qa5 $1 17. Qb3 {And now Be2 would win.} (17. b3 {seems wilder.} Nb4 18. Qc1 Bg4 19. Be2 b5 20. Nb2) 17... Nb4 $1 {[#]} 18. Bxf6 $146 ({Predecessor:} 18. Be2) 18... gxf6 19. Be2 Bd7 20. Ra1 {[#] Strongly threatening exd4.} dxe3 21. fxe3 b5 22. O-O bxa4 23. Qc3 {Black must now prevent Ne4.} f5 24. Nf3 {[%mdl 1024] White has compensation.} f6 25. Nh4 Nc6 26. Qa3 e4 27. Bd1 Ne5 28. Bxa4 Qxa4 29. Qxa4 Bxa4 30. Rxa4 f4 31. c5 fxe3 {aiming for ...e2.} 32. Rxe4 Rab8 33. Rxe3 Rxb2 34. h3 Rc2 35. Rxf6 Rxc5 36. Ra6 Nc6 37. Nf3 Rc8 38. Re6 Rc7 39. Kh2 Kg7 40. Ra4 h5 41. Ra6 Ne7 42. Nd4 {Threatens to win with Red6.} Nf5 43. Ne2 Rc4 44. Rg6+ Kf8 45. Rg5 Ng7 46. Rf6+ Rf7 47. Rh6 Ke7 (47... Rfc7 $142) 48. Ra5 $16 {White is clearly better.} Ke8 49. Rh8+ Rf8 50. Rh7 ({Don't play} 50. Rxa7 $6 Rxh8 51. Ra8+ Kf7 $14) 50... Rf7 51. Re5+ Kd8 52. Rexh5 {Accuracy: White = 88%, Black = 83%.} 1-0